LEADER 01519nam a2200325 u 4500 001 000000006062 003 CaOOAMICUS 005 20070226104831.0 008 940514s1991 fr b u000 u fre u 020 $a2204044326 035 $a10155210 040 $aPUL$bita 041 1 $afre$hlat 245 00$aActes de la conférence de Carthage en 411 /$cadditamentum criticum, notices sur les sièges et les toponymes, notes complémentaires et index par Serge Lancel. 260 $aParis :$bLes Éditions du Cerf,$c<1991 >. 300 $av. <4 > :$bc. geogr. (pieg.) ;$c20 cm 490 1 $aSources chrétiennes ;$v373 611 24$aCollatio Carthaginensis$d411.$0(OLS)http://pul/subject/5568 700 1 $aLancel, Serge,$d1928-$0(OLS)http://pul/name/6202 830 0$aSources chrétiennes,$x0750-1978 ;$v373.$0(OLS)http://pul/title/45 850 $aPUL 852 $aPUL$W1$xDP1 Fondo Maccarrone$y58$m1506 C 32$j8604$nBK-PRI$b $qFondi$B8604$CPULBib$Z2$F8604 $H $81 852 $aPUL$W1$xSL Religione 2$y84$mTheol E3 373$j8605$nBK-PRI$b $qStampati altre collocazioni$B8605$CPULBib$Z2$F8605 $H $81 941 1 $a10 941 1 $a1 961 $aINV: 01802 -- Fondo Mons. M. Maccarrone 961 $aINV: 88946 996 $6020$a2204044326$9(OLS)http://pul/number/7867 996 $6245$aActes de la conférence de Carthage en 411$9(OLS)http://pul/title/8926 996 $6260$aParis :$bLes Éditions du Cerf$9(OLS)http://pul/publisher/47861 LEADER 01428nam a2200325 a 4500 001 000000129404 003 CaOOAMICUS 005 20120626094518.0 008 120626s2001 dcud u000 u eng r 020 $z0878408568* 040 $aPUL$bita 082 04$a261.8 100 1 $aBarrera, Albino.$0(OLS)http://pul/name/82831 245 10$aModern Catholic social documents and political economy /$cAlbino Barrera. 246 33$aModern Catholic social documents & political economy 260 $aWashington, D.C. :$bGeorgetown University Press,$c©2001. 300 $axii, 340 p. :$bgrafici ;$c24 cm 500 $aInclude indice. 504 $aBibliografia p. 315-329. 650 4$aChiesa$xDottrina sociale.$0(OLS)http://pul/subject/7162 650 4$aReligione e società.$0(OLS)http://pul/subject/4382 850 $aPUL 852 $aPUL$W1$xSL Religione 3$y85$m261. 8 BARAL 1$j149883$qDDC 21$B148410$CPULBib$Z2$F148410 $H120163 $82 941 1 $a9 996 $6020$z0878408568*$9(OLS)http://pul/number/150090 996 $6082$a261.8$9(OLS)http://pul/classification/367 996 $6245$aModern Catholic social documents and political economy$9(OLS)http://pul/title/163528 996 $6246$aModern Catholic social documents & political economy$9(OLS)http://pul/title/163529 996 $6260$aWashington, D.C. :$bGeorgetown University Press$9(OLS)http://pul/publisher/75485